000 00574cam a2200205 4500500
005 20260405003200.0
041 _afre
042 _adc
100 1 0 _aLarmagnac-Matheron, Octave
_eauthor
245 0 0 _aLe chiffre/29 %
260 _c2020.
500 _a41
690 _aAdulte
690 _aÂge
690 _aEnfance
690 _aGénérations
690 _aJeu
786 0 _nPhilosophie magazine | 145 | 1 | 2020-12-01 | p. 8-8 | 1951-1787
856 4 1 _uhttps://shs.cairn.info/magazine-philosophie-magazine-2020-12-1-page-8?lang=fr&redirect-ssocas=7080
999 _c2065106
_d2065106